| 000 | 00932nam a2200253 a 4500 | ||
|---|---|---|---|
| 001 | 17444 | ||
| 003 | BD-RjUL | ||
| 005 | 20211209000136.0 | ||
| 008 | 880808s1948 maua b 000 0aeng | ||
| 035 | _a48-09083 | ||
| 035 | _a(BD-RjUL)17502 | ||
| 040 |
_aDLC _cKSU _dOCL _dKSU _dm.c _dm/c _dBD-RjUL _beng |
||
| 041 | _aeng | ||
| 082 |
_a928.1 _bPOL 1948 |
||
| 245 | 1 | 4 |
_aThe letters of Edgar Allan Poe / _cedited by John Ward Ostrom |
| 260 |
_aCambridge, Mass : _bHarvard University Press, _c1948 |
||
| 300 |
_a2 v. (xxviii, 664 p.) : _bill ; _c25 cm |
||
| 500 | _a"A continuation and an expansion of the editor's A checklist of letters to and from Poe, pub. as no. 4 in the Bibliographical series... of the University of Virginia." | ||
| 504 | _a"Bibliography and list of manuscript collections": p. [547]-557 | ||
| 700 | 1 |
_aOstrom, John Ward, _d1903- _953757 |
|
| 942 |
_2ddc _cBK |
||
| 999 |
_c17444 _d17444 |
||